B09 バス停名クイズ - 帝産湖南交通 ver. - Statistics

General Stats
  • This quiz has been taken 9 times
  • The average score is 16 of 245
Answer Stats
Answer % Correct
石山駅
75%
南草津駅
75%
唐橋前
50%
瀬田駅
50%
建部大社前
50%
青山五丁目
25%
朝倉
25%
アルプス登山口
25%
一里山
25%
25%
枝東口
25%
大津市公設市場
25%
上桐生
25%
上田上小学校前
25%
上馬場
25%
上鈎
25%
川重冷熱前
25%
桐生
25%
草津駅
25%
葛原遊園地前
25%
クレスト草津
25%
県立アイスアリーナ
25%
国道草津
25%
コミュニティセンター金勝
25%
サンスター前
25%
下鈎
25%
神領大和苑前
25%
瀬田駅口
25%
瀬田公園
25%
ゼオンポリミクス前
25%
大学病院
25%
ダイキン前
25%
太子
25%
建部大社南口
25%
田上車庫前
25%
月の輪自動車教習所前
25%
月の輪二丁目
25%
25%
南田山
25%
野郷原一丁目
25%
野路
25%
野路北口
25%
バイパス一里山
25%
バイパス野路
25%
橋本
25%
パナソニック前
25%
一ツ松
25%
文化ゾーン前
25%
25%
牧口
25%
松原東レ前
25%
ミホミュージアム
25%
名神瀬田東
25%
栗東市役所
25%
龍谷大学
25%
ロクハ荘
25%
青地
0%
青地西
0%
青山一丁目
0%
青山七丁目
0%
赤坂公園
0%
赤坂団地
0%
アパート前
0%
イサム塗料
0%
石居口
0%
石居町
0%
一里山三丁目
0%
稲津
0%
稲津北口
0%
永大団地
0%
追分口
0%
大路
0%
大路三丁目
0%
大鳥居
0%
大野神社参道入口
0%
小柿
0%
小柿九丁目
0%
0%
岡本
0%
小野山
0%
伯母川口
0%
伯母川新橋
0%
かがやきの丘
0%
かがやきの丘大通り
0%
かがやきの丘中央
0%
カネボウベルパーク
0%
上稲津
0%
上尾
0%
上桐生口
0%
上桐生グランド前
0%
上関
0%
上砥山
0%
上砥山西
0%
上馬場ダイキン東
0%
上鈎口
0%
川辺
0%
川向
0%
神立
0%
観音口
0%
北の山
0%
桐生新橋
0%
桐生辻
0%
桐生飛島前
0%
草津一丁目
0%
草津技術専門学校
0%
草津クレアホール
0%
草津車庫前
0%
草津市役所
0%
草津中学校前
0%
草津養護学校
0%
クレハ前
0%
黒津
0%
血液センター前
0%
県立総合福祉センター
0%
県立図書館・美術館前
0%
工業団地
0%
公民館前
0%
湖南台住宅
0%
小松原
0%
金勝小学校前
0%
済生会病院
0%
栄町
0%
さきら前
0%
桜ヶ丘北口
0%
桜ヶ丘南口
0%
笹ノ口
0%
0%
里口
0%
里南口
0%
サンシャイン入口
0%
滋賀アリーナ
0%
歯科技工士専門校前
0%
志津運動公園前
0%
志津小学校前
0%
自動車教習所前
0%
芝原中野口
0%
渋川口
0%
下鈎口
0%
新学社
0%
新上鈎
0%
神慈秀明会前
0%
新屋敷
0%
新免
0%
神領二丁目
0%
新緑苑団地口
0%
水天宮
0%
スターライト前
0%
晴園寮前
0%
西武園口
0%
関口
0%
関ノ津
0%
瀬田川団地前
0%
瀬田二丁目
0%
園山
0%
田上小学校前
0%
田上市民センター前
0%
田上中学校前
0%
田上幼稚園前
0%
玉川高校
0%
玉川小学校前
0%
中央化学前
0%
長寿社会福祉センター
0%
月の輪三丁目
0%
手原駅
0%
手原二丁目
0%
手原四丁目
0%
東急団地入口
0%
堂橋
0%
東部住宅
0%
東宝ランド
0%
東レ北門
0%
図書館・博物館前
0%
トレセン事務所前
0%
トレセン西住宅
0%
ナガサキヤ口
0%
中野
0%
中浮気団地
0%
中村
0%
なごやかセンター口
0%
西ヶ谷
0%
西門前
0%
灰塚住宅口
0%
売店前
0%
羽栗
0%
羽栗橋西詰
0%
0%
発電所前
0%
パナソニックスクール
0%
パナソニック団地口
0%
パナソニック西口
0%
パナソニック西中央
0%
パナソニック東口
0%
パナソニック南門
0%
治田
0%
治田小学校前
0%
馬場
0%
東大津高校
0%
東草津
0%
東矢倉職員住宅
0%
東矢倉南
0%
東矢倉四丁目
0%
日吉が丘
0%
平野
0%
びわこカントリー
0%
びわ湖レストタウン
0%
伏見倉庫前
0%
坊袋
0%
牧東口
0%
松が丘五丁目
0%
松が丘三丁目
0%
丸尾
0%
三ツ池
0%
みどりヶ丘
0%
緑のふれあいセンター
0%
南笠団地前
0%
向山ニュータウン
0%
目川
0%
目川住宅前
0%
もみじが丘
0%
桃谷口
0%
0%
森南口
0%
焼野
0%
焼野口
0%
焼野中町
0%
山寺
0%
山寺会館前
0%
山寺橋
0%
山之神の池
0%
行田電線前
0%
栗東運動公園前
0%
栗東駅東口
0%
栗東高校
0%
栗東中学校前
0%
栗東ニューハイツ
0%
栗東農協前
0%
栗東郵便局
0%
立命館大学正門前
0%
聾話学校
0%
ロクハタウン
0%
若草一丁目
0%
若草北口
0%
若草三丁目
0%
若草中央通り
0%
No matching quizzes found
Score Distribution
Percent of People with Each Score
Percentile by Number Answered
Your Score History
You have not taken this quiz